| 000 | 00774nam a2200217Ia 4500 | ||
|---|---|---|---|
| 003 | OSt | ||
| 005 | 20241127121321.0 | ||
| 008 | 210210b1999 xxu||||| |||| 00| 0 eng d | ||
| 040 | _cAL | ||
| 041 | _aKannada | ||
| 082 | _aK894.9 NAGJ | ||
| 100 |
_aNAGARAJ (D R), Ed. _d ನಾಗರಾಜ್ (ಡಿ ಆರ್) _9186821 |
||
| 245 |
_aJagatika parisara charitre.by Ramachandra Guha. _bಜಾಗತಿಕ ಪರಿಸರ ಚರಿತ್ರೆ :ರಾಮಚಂದ್ರ ಗುಹಾ |
||
| 260 |
_aSagara _bAkshara Prakashana _c1999 |
||
| 300 | _a183 | ||
| 650 |
_aParisara charitre Ramachandra Guha Madhava Aitala _9186822 |
||
| 690 |
_aKannada Criticism _9186823 |
||
| 700 |
_aMadhava Itala _dಮಾಧವ ಐತಾಳ tr _9186824 |
||
| 906 | _aSG03476 | ||
| 942 |
_2ddc _cBK |
||
| 999 |
_c114175 _d114175 |
||